| Tag |
First Indicator |
Second Indicator |
Subfields |
| LEADER |
00000cam a2200000 4500 |
| 001 |
in00000186821 |
| 005 |
20181201063019.0 |
| 008 |
750513s1960 nyua 00010 eng |
| 010 |
|
|
|a 60010134
|
| 035 |
|
|
|a (OCoLC)01330375
|
| 035 |
|
|
|9 AAW5488AM
|
| 040 |
|
|
|c ORL
|d TXA
|d UtOrBLW
|
| 049 |
|
|
|a TXAM
|c 1 [330928]
|c 2 [330930]
|c 3 [330931]
|c 4 [330927]
|c 5 [330929]
|
| 050 |
0 |
0 |
|a NK2110
|b .F38 1960
|
| 082 |
0 |
|
|a 747.88
|
| 100 |
1 |
|
|a Faulkner, Ray,
|d 1906-1975.
|
| 245 |
1 |
0 |
|a Inside today's home /
|c [by] Ray Faulkner [and] Sarah Faulkner.
|
| 250 |
|
|
|a Rev. ed.
|
| 264 |
|
1 |
|a New York :
|b Holt, Rinehart and Winston,
|c [1960]
|
| 300 |
|
|
|a 583 pages :
|b illustrations ;
|c 25 cm.
|
| 336 |
|
|
|a text
|b txt
|2 rdacontent
|
| 337 |
|
|
|a unmediated
|b n
|2 rdamedia
|
| 338 |
|
|
|a volume
|b nc
|2 rdacarrier
|
| 650 |
|
0 |
|a Interior decoration.
|
| 700 |
1 |
|
|a Faulkner, Sarah.
|
| 999 |
|
|
|a MARS
|
| 999 |
f |
f |
|s 2fb31d75-0a51-3a8d-9602-6a634522b785
|i edeffa31-3f0b-3858-85cf-adeef8812e1d
|t 0
|
| 952 |
f |
f |
|p storage
|a Texas A&M University
|b J.J. Pickle Campus
|c High Density Repository
|s HDR
|d Remote Storage
|t 0
|e NK2110 .F38 1960
|h Library of Congress classification
|i unmediated -- volume
|m A14803501565
|
| 952 |
f |
f |
|p normal
|a Texas A&M University
|b College Station
|c Sterling C. Evans Library
|s Evans stk
|d Evans: Library Stacks
|t 0
|e NK2110 .F38 1960
|h Library of Congress classification
|i unmediated -- volume
|m A14803501573
|
| 998 |
f |
f |
|a NK2110 .F38 1960
|t 0
|l Remote Storage
|
| 998 |
f |
f |
|a NK2110 .F38 1960
|t 0
|l Evans: Library Stacks
|